000 00540nam a22001817a 4500
005 20251108170031.0
008 250721s1970 xx 000 0 ara d
082 1 4 _aط/ق/م
100 1 _aالكيلاني، م
245 1 0 _aدون كيشوت /
264 1 _aبيروت :
_bدار الكتاب اللبناني،
_c1970.
300 _a465ص؛ مص
490 0 _aمجموعة قصص عالمية للأولاد ، 79
650 1 7 _aالأدب العربي
650 1 7 _aالقصص العربية
942 _2ddc
_cBK
999 _c37986
_d37986